000 01213nam a22002777a 4500
001 6429
003 FISKH
005 20250430100443.0
008 250430b cb ||||| |||| 00| 0 eng d
040 _aFISKH
_beng
_cFISKH
_dFISKH
050 _aPZ7
082 _a428.6
100 _aFeldman, Thea
245 _aChase it, trooper! /
_cBy Thea Feldman ; Illustrations by Clare Elsom
260 _aNew York :
_bScholastic,
_c2016.
300 _a16 unnumbered pages :
_bcolor illustrations ;
_c19 cm
490 _aPuppy Pals Phonics :
_vBook 3
505 _aG
520 _aIn Chase It, Trooper!, Trooper the energetic puppy is always ready for fun. When he spots a cheeky chipmunk, he takes off on a wild chase through the forest! Along the way, Trooper gets into amusing situations while readers follow the action-packed trail. Designed as a phonics reader, this book focuses on "ch" blends to support early literacy skills. The playful story and engaging illustrations make learning to read fun and interactive.
521 8 _a300
_bLexile estimate
521 8 _aG
_bRaz-Plus
650 _aPuppy
_vAnimals
700 _aElsom, Clare
_eillustrator
942 _2ddc
_cBK
_n0
999 _c6429
_d6429